Cyclisme : Top 20 du Tour de Pologne 2024 - Statistiques

Statistiques générales
  • Ce quiz a été pris 17 fois
  • Le résultat moyen est 6 sur 20
Statistiques - réponses
Position Equipe Coureur % Correct
1er Visma Lease a Bike Jonas Vingegaard
80%
4eme Groupama FDJ Romain Grégoire
60%
3eme Visma Lease a Bike Wilco Kelderman
60%
2eme UAE Team Emirates Diego Ulissi
53%
6eme Bahrain Victorious Matej Mohoric
47%
15eme UAE Team Emirates Jan Christen
33%
10eme Dsm Firmeninch PostNL Oscar Onley
33%
18eme UAE Team Emirates Rafal Majka
33%
13eme Décathlon Ag2r La Mondiale Aurélien Paret Peintre
27%
17eme UAE Team Emirates Felix Grosschartner
27%
8eme Tudor Pro Cycling Team Yannis Voisard
27%
5eme Ineos Grenadier Magnus Scheffield
20%
16eme Arkea B&B Hotels Alessandro Verre
13%
14eme Cofidis Ben Hermans
13%
7eme Bahrain Victorious Edoardo Zambanini
13%
11eme Arkea B&B Hotels Raul Garcia Pierna
13%
19eme Israël Premier Tech Hugo Houle
7%
20eme Q36.5 Pro Cycling Team Mark Donovan
7%
9eme EF Education Easypost Mikkel Honoré
7%
12eme Movistar Team Will Barta
7%
Aucun quiz correspondant
Distribution des résultats
% des personnes avec chaque résultat
Percentile par nombre de réponses
Votre historique - résultats
Vous n’avez pas pris ce quiz